Jagatpur, 1977-97 : (Record no. 1689)
[ view plain ]
| 000 -LEADER | |
|---|---|
| fixed length control field | 00749nam a2200217 a 4500 |
| 003 - CONTROL NUMBER IDENTIFIER | |
| control field | BD-DhJNU |
| 005 - DATE AND TIME OF LATEST TRANSACTION | |
| control field | 20250513060245.0 |
| 008 - FIXED-LENGTH DATA ELEMENTS--GENERAL INFORMATION | |
| fixed length control field | 000328s2000 bg b b 001 0 eng |
| 020 ## - INTERNATIONAL STANDARD BOOK NUMBER | |
| International Standard Book Number | 9840515144 |
| 040 ## - CATALOGING SOURCE | |
| Original cataloging agency | BD-DhJNU |
| Language of cataloging | ENG |
| Transcribing agency | BD-DhJNU |
| Modifying agency | BD-DhJNU |
| 082 00 - DEWEY DECIMAL CLASSIFICATION NUMBER | |
| Classification number | 304.14 SIJ |
| Edition number | 23 |
| 100 1# - MAIN ENTRY--PERSONAL NAME | |
| Personal name | Siddiqui, Kamal |
| 245 10 - TITLE STATEMENT | |
| Title | Jagatpur, 1977-97 : |
| Remainder of title | poverty and social change in rural Bangladesh / |
| Statement of responsibility, etc. | Kamal Siddiqui |
| 260 ## - PUBLICATION, DISTRIBUTION, ETC. | |
| Place of publication, distribution, etc. | Dhaka : |
| Name of publisher, distributor, etc. | University Press, |
| Date of publication, distribution, etc. | 2000. |
| 300 ## - PHYSICAL DESCRIPTION | |
| Extent | xxiv, 476 p. : |
| Other physical details | maps ; |
| Dimensions | 22 cm. |
| 500 ## - GENERAL NOTE | |
| General note | Two maps on 2 folded leaves in pocket. |
| 504 ## - BIBLIOGRAPHY, ETC. NOTE | |
| Bibliography, etc. note | Includes bibliographical references (p. [455]-464) and index. |
| 650 #0 - SUBJECT ADDED ENTRY--TOPICAL TERM | |
| Topical term or geographic name entry element | Rural poor |
| Geographic subdivision | Bangladesh |
| -- | Jagatpur. |
| 650 #0 - SUBJECT ADDED ENTRY--TOPICAL TERM | |
| Topical term or geographic name entry element | Social change |
| Geographic subdivision | Bangladesh |
| -- | Jagatpur. |
| 942 ## - ADDED ENTRY ELEMENTS (KOHA) | |
| Koha item type | Books |
| Withdrawn status | Lost status | Source of classification or shelving scheme | Damaged status | Not for loan | Collection | Home library | Current library | Shelving location | Date acquired | Source of acquisition | Total checkouts | Full call number | Barcode | Date last seen | Copy number | Price effective from | Koha item type |
|---|---|---|---|---|---|---|---|---|---|---|---|---|---|---|---|---|---|
| Dewey Decimal Classification | Non-fiction | Jagannath University Central Library | Jagannath University Central Library | General stacks | 05/13/2025 | Purchased | 304.14 SIJ | JNUCL29166 | 05/13/2025 | 1 | 05/13/2025 | Books | |||||
| Dewey Decimal Classification | Non-fiction | Jagannath University Central Library | Jagannath University Central Library | General stacks | 06/02/2025 | Purchased | 304.14 SIJ | JNUCL17481 | 06/02/2025 | 2 | 06/02/2025 | Books | |||||
| Dewey Decimal Classification | Non-fiction | Jagannath University Central Library | Jagannath University Central Library | General stacks | 06/02/2025 | Purchased | 304.14 SIJ | JNUCL17482 | 06/02/2025 | 3 | 06/02/2025 | Books |